00246nam a22001097a 4500008004100000082001500041100001400056245003600070260000900106300000800115440001300123230717b xxu||||| |||| 00| 0 eng d a363.8bFAO cC Probart aFood, Nutrition and Agriculture c2002 a92p x1014806X